00401nam a2200181Ia 4500008004100000020001800041050001600059100001600075245002000091245001900111260001500130260001100145260000900156300001600165300002000181300001000201500000800211170918s9999 xx 000 0 und d a9780545078658 bH645ki 2009 aHill, Lexie aKissing Booth / cby Lexie Hill. aNew York : bPoint, c2009 a248 pages : billustrations ; c20cm. a780